00634nem a22001811 4500001001100000005001700011007000900028008004100037020001200078034000600090040001500096110003700111245013000148255002300278260004500301300005000346651005600396000000894020151217161139.0aj cauun080623s xx a 0 eng d cKES 5950 aa aKABUcKABU2 aTourist Maps (Kenya)@000015974814aThe Aberdares National Park and environs including Lake Nakuru and Hell's Gate National Parksh[map] /cTourist Maps (Kenya). aScale 1 : 150,000. aNairobi :bTourist Maps (Kenya).,c1996. a1 map :bcol ;c59x89 cm, folded to 30x15 cm. 0aAberdares National ParkxMaps, Tourist.@0000159754